|
|
|
|
| LEADER |
00000nam a2200000 4500 |
| 001 |
vtls011826320 |
| 003 |
SK-MaSNL |
| 005 |
20260331211416.0 |
| 008 |
181128s2018 xo a a 000 0 slo |
| 015 |
|
|
|a SNBA2019/01
|
| 020 |
|
|
|a 9788056702093 (brožované)
|
| 040 |
|
|
|a SNK
|b slo
|c SNK
|e rda
|
| 041 |
1 |
|
|a slo
|h eng
|
| 044 |
|
|
|a xo
|c SK
|
| 072 |
|
7 |
|a 373.2/.3
|x Predškolská a primárna výchova a vzdelávanie
|2 konspekt
|
| 072 |
|
7 |
|a 0/9-053.2
|x Literatúra pre deti a mládež (náučná)
|2 konspekt
|
| 080 |
|
|
|a 316.346.32-053.4
|2 2011
|
| 080 |
|
|
|a 159.955
|2 2011
|
| 080 |
|
|
|a 37.037
|2 2011
|
| 080 |
|
|
|a 159.946.4
|2 2011
|
| 080 |
|
|
|a (0.053.2)
|2 2011
|
| 080 |
|
|
|a (076.1)
|2 2011
|
| 080 |
|
|
|a (084.1.029.2)
|2 2011
|
| 100 |
1 |
|
|a Niedźwiadek, Agnieszka
|4 ill
|9 355509
|
| 240 |
1 |
0 |
|a Learn in Colour! With Sitckers
|l Slovensky
|
| 245 |
1 |
0 |
|a Učím sa s farbami
|p Zvieratká
|c ilustrovala Agnieszka Niedzwiadek ; preklad Jitka Madarásová
|
| 246 |
3 |
0 |
|a Zvieratká
|
| 250 |
|
|
|a Prvé slovenské vydanie
|
| 264 |
|
1 |
|a Bratislava
|b Svojtka & Co., s.r.o.
|c 2018
|
| 300 |
|
|
|a 24 nečíslovaných strán
|b farebné ilustrácie
|c 30 cm
|e 2 listy samolepiek
|
| 336 |
|
|
|a text
|b txt
|2 rdacontent
|
| 336 |
|
|
|a statický obraz
|b sti
|2 rdacontent
|
| 337 |
|
|
|a bez média
|b n
|2 rdamedia
|
| 338 |
|
|
|a zväzok
|b nc
|2 rdacarrier
|
| 500 |
|
|
|a Preložené z anglického vydania
|
| 500 |
|
|
|a Názov z obálky
|
| 500 |
|
|
|a Listy se samolepkami všité uprostred publikácie
|
| 521 |
8 |
|
|a Pre deti od 3 rokov
|
| 650 |
0 |
7 |
|a deti predškolského veku
|2 SNKPH
|9 4103
|
| 650 |
0 |
7 |
|a rozvoj myslenia
|2 SNKPH
|9 3967
|
| 650 |
0 |
7 |
|a rozvoj pozornosti
|2 SNKPH
|9 100356
|
| 650 |
0 |
7 |
|a grafomotorika
|2 SNKPH
|9 27199
|
| 650 |
0 |
7 |
|a Preschool children
|2 SNKPHeng
|9 306219
|
| 650 |
0 |
7 |
|a Development of thought
|2 SNKPHeng
|9 312971
|
| 650 |
0 |
7 |
|a Development of attention
|2 SNKPHeng
|9 344044
|
| 650 |
0 |
7 |
|a Graphomotorics
|2 SNKPHeng
|9 313020
|
| 655 |
|
7 |
|a publikácie pre deti
|2 SNKPH
|9 70148
|
| 655 |
|
7 |
|a pracovné zošity
|2 SNKPH
|9 70188
|
| 655 |
|
7 |
|a samolepky
|2 SNKPH
|9 79151
|
| 655 |
|
7 |
|a Children's literature
|2 SNKPHeng
|9 276039
|
| 655 |
|
7 |
|a Activity books
|2 SNKPHeng
|9 302885
|
| 655 |
|
7 |
|a Stickers
|2 SNKPHeng
|9 303014
|
| 700 |
1 |
|
|a Madarásová, Jitka
|4 trl
|9 207448
|
| 919 |
|
|
|a 978-80-567-0209-3
|
| 958 |
|
|
|a DB
|
| 958 |
|
|
|a OP
|
| 968 |
|
|
|b ENG
|
| 999 |
|
|
|c 600446
|d 602376
|
| 952 |
|
|
|a SNK
|b SNK
|y PREZ
|7 0
|p 17A1350342
|o snkOSB 19352
|i snk2018/25653
|8 0
|0 0
|1 0
|4 0
|d 2018-11-28
|l 0
|r 2026-02-23 15:52:33
|w 2026-02-23
|
| 952 |
|
|
|a SNK
|b SNK
|y PREZ
|7 0
|p 17A1350343
|o snkOSB 19352 D1
|i snk2018/25654
|8 0
|0 0
|1 0
|4 0
|d 2018-11-28
|l 0
|r 2026-02-23 15:52:33
|w 2026-02-23
|